[Event "Relampago R-031 corr"]
[Site "CXV corr"]
[Date "2001.06.23"]
[Round "?"]
[White "Luiz Aveline, Jorge"]
[Black "De Lira, Carlos Alberto"]
[Result "1-0"]
[WhiteElo "1549"]
[BlackElo "1343"]
[PlyCount "45"]
[EventDate "2001.??.??"]
[EventType "tourn (corr)"]
[EventRounds "6"]
[EventCountry "BRA"]
[SourceTitle "Corr 2004"]
[Source "ChessBase"]
[SourceDate "2003.04.28"]
[SourceVersion "3"]
[SourceVersionDate "2003.04.28"]
[SourceQuality "1"]

1. e4 c5 2. Nf3 d6 3. d4 cxd4 4. Nxd4 Nf6 5. Nc3 a6 6. Be2 b5 7. 0-0 e6 8. Bg5 Be7 9. Bf3 e5 10. Nf5 Bxf5 11. exf5 Ra7 12. a4 b4 13. Bxf6 bxc3 14. Bxg7 cxb2 15. Bxh8 bxa1Q 16. Qxa1 Kf8 17. Rd1 Kg8 18. Bxe5 Rd7 19. Bc3 Qc7 20. Bh8 f6 21. Bxf6 Bxf6 22. Qxf6 Qc4 23. Bd5+ 1-0

[Event "Relampago R-031 corr"]
[Site "CXV corr"]
[Date "2001.06.23"]
[Round "?"]
[White "Luiz Aveline, Jorge"]
[Black "Neto Malvaso, Jose"]
[Result "1-0"]
[WhiteElo "1557"]
[BlackElo "1566"]
[PlyCount "47"]
[EventDate "2001.??.??"]
[EventType "tourn (corr)"]
[EventRounds "6"]
[EventCountry "BRA"]
[SourceTitle "Corr 2004"]
[Source "ChessBase"]
[SourceDate "2003.04.28"]
[SourceVersion "3"]
[SourceVersionDate "2003.04.28"]
[SourceQuality "1"]

1. c4 e5 2. Nc3 d6 3. g3 Nc6 4. Bg2 Nge7 5. d3 Nd4 6. e3 Ndc6 7. Nf3 g6 8. 0-0 Bg7 9. d4 exd4 10. exd4 d5 11. cxd5 Nxd5 12. Nxd5 Qxd5 13. Ne5 Qb5 14. Nxc6 bxc6 15. Re1+ Be6 16. a4 Qb6 17. Bxc6+ Qxc6 18. d5 Qd7 19. dxe6 fxe6 20. Qf3 Rb8 21. Rd1 Qe7 22. Qc6+ Kf8 23. Rd7 Qf6 24. Ra3 1-0

[Event "Relampago R-031 corr"]
[Site "CXV corr"]
[Date "2001.05.10"]
[Round "?"]
[White "Sversut, Jose Roberto"]
[Black "Luiz Aveline, Jorge"]
[Result "0-1"]
[WhiteElo "1463"]
[BlackElo "1500"]
[PlyCount "62"]
[EventDate "2001.??.??"]
[EventType "tourn (corr)"]
[EventRounds "6"]
[EventCountry "BRA"]
[SourceTitle "Corr 2004"]
[Source "ChessBase"]
[SourceDate "2003.04.28"]
[SourceVersion "3"]
[SourceVersionDate "2003.04.28"]
[SourceQuality "1"]

1. e4 c5 2. Nf3 d6 3. d4 cxd4 4. Nxd4 Nf6 5. Nc3 g6 6. Be2 Bg7 7. 0-0 0-0 8. f4 Nc6 9. Be3 Bd7 10. a3 Nxd4 11. Bxd4 e6 12. e5 dxe5 13. fxe5 Nd5 14. Nxd5 exd5 15. c3 Qc7 16. Bf3 Bc6 17. Re1 Rfe8 18. Qd3 Bxe5 19. Bxe5 Rxe5 20. Qd4 Rf5 21. b3 a5 22. Rad1 a4 23. b4 Rd8 24. c4 Rf4 25. Re4 dxe4 26. Qxd8+ Qxd8 27. Rxd8+ Kg7 28. b5 exf3 29. bxc6 bxc6 30. c5 fxg2 31. Kxg2 Rc4 0-1